Statistics for The Mr. T Quiz

Click here to take the quiz!

General Stats

  • This quiz has been taken 18 times
  • The average score is 8 of 15

Answer Stats

HintAnswer% Correct
What was B.A. Baracus afraid to do?Fly
80%
What is Mr. T's famous four word catchphrase?I pity the fool!
80%
In what city was Mr. T born?Chicago
70%
What character did he play in the movie Rocky III?Clubber Lang
70%
In what TV series did he portray the character B.A. Baracus?The A-Team
70%
What year was Mr. T born?1952
60%
What is Mr. T's real name?Laurence Tureaud
60%
What was Mr. T's job when he acquired his signature gold chains?Bouncer
50%
Who was Mr. T's tag team partner at the first WrestleMania?Hulk Hogan
50%
What 2005 disaster inspired Mr. T to stop wearing most of his signature gold jewelry?Hurricane Katrina
50%
Who did Mr. T face in a boxing match at the second WrestleMania?Rowdy Roddy Piper
40%
Which NFL team did Mr. T try out for after being discharged from the US Army?Green Bay Packers
30%
Mr. T's distinctive hairstyle was inspired by the warriors of which West African group?Mandinka
30%
What was the name of Mr. T's first music album, released in 1984?Mr. T's Commandments
30%
What company made Mr. T cereal in the 1980's?Quaker Oats Company
20%

Score Distribution

Percentile by Number Answered

Percent of People with Each Score

Your Score History

You have not taken this quiz